| 000 | 00820nam a22002533a 4500 | ||
|---|---|---|---|
| 005 | 20221124063551.0 | ||
| 008 | 010531s1999 mx fr 000 0 spa d | ||
| 020 | _a8478690514 | ||
| 035 | _aUPN01000116987 | ||
| 049 | _aCG | ||
| 050 | 4 |
_aLB1131 _bP7.6 no.21 |
|
| 100 | 1 |
_aYuste Hernanz, Carlos _929510 |
|
| 245 | 1 | 0 |
_aAtención-observación / _cCarlos Yuste Hernanz, Juan Miguel S. Quiros. |
| 260 |
_aMadrid : _bCEPE, _c1999. |
||
| 300 |
_a95 p. : _bil. |
||
| 440 | 0 |
_aProgresint ; _v21 |
|
| 500 | _a"E. Primaria 4º- 5º- 6º. Nivel 3" | ||
| 500 | _a"Programas para la estimulación de las habilidades de la inteligencia" | ||
| 650 | 4 |
_aAtención _98528 |
|
| 650 | 4 |
_aPERCEPCION ESPACIAL _98166 |
|
| 650 | 4 |
_aOBSERVACION (METODO EDUCATIVO) _94813 |
|
| 700 | 1 |
_aQuiros, Juan Miguel S., _ecoaut. |
|
| 905 | _aLibro | ||
| 999 |
_c89615 _d89615 |
||